<?xml version="1.0" encoding="UTF-8"?>
<collection xmlns="http://www.loc.gov/MARC21/slim">
<record>
  <controlfield tag="001">167269</controlfield>
  <controlfield tag="005">20260121151434.0</controlfield>
  <datafield tag="037" ind1=" " ind2=" ">
    <subfield code="a">TAZ-TFG-2025-1399</subfield>
  </datafield>
  <datafield tag="041" ind1=" " ind2=" ">
    <subfield code="a">eng</subfield>
  </datafield>
  <datafield tag="100" ind1="1" ind2=" ">
    <subfield code="a">Cester Mazarico, Nuria</subfield>
  </datafield>
  <datafield tag="242" ind1="0" ind2="0">
    <subfield code="a">Revisiting the Good Language Learner in the Digital Age: Teaching Strategies to Foster Modern Learner Characteristics</subfield>
  </datafield>
  <datafield tag="245" ind1="0" ind2="0">
    <subfield code="a">Revisiting the Good Language Learner in the Digital Age: Teaching Strategies to Foster Modern Learner Characteristics</subfield>
  </datafield>
  <datafield tag="260" ind1=" " ind2=" ">
    <subfield code="a">Zaragoza</subfield>
    <subfield code="b">Universidad de Zaragoza</subfield>
    <subfield code="c">2025</subfield>
  </datafield>
  <datafield tag="506" ind1=" " ind2=" ">
    <subfield code="a">by-nc-sa</subfield>
    <subfield code="b">Creative Commons</subfield>
    <subfield code="c">3.0</subfield>
    <subfield code="u">http://creativecommons.org/licenses/by-nc-sa/3.0/</subfield>
  </datafield>
  <datafield tag="520" ind1=" " ind2=" ">
    <subfield code="a">This dissertation explores what it means to be a good language learner in the digital age, revisiting Joan Rubin’s (1975) foundational work. Rubin’s seven traits of successful learners laid the groundwork for subsequent research into strategy instruction and learner autonomy. Nevertheless, with the increasing influence of digital tools and informal learning environments, the profile of the good language learner has evolved significantly. &lt;br />Adopting a qualitative lens, this dissertation investigates the traits that define successful English learners today. Ten semi-structured interviews were conducted with advanced English learners and analysed employing ATLAS.ti software. The results, informed by previous academic research, reveal six core characteristics in common: flexibility and adaptability, autonomy and self-regulation, engagement in informal digital environments, digital competence, intrinsic motivation, and willingness to communicate in authentic contexts. &lt;br />These findings suggest that successful language learners are not only strategic, self-directed, and emotionally engaged, but also digitally competent. In response, the dissertation proposes pedagogical practices grounded in the CALLA (Cognitive Academic Language Learning Approach) framework, tailored for B1-level students. The teaching practices highlight explicit strategy instruction, practical application alongside curricular content, and opportunities for reflection and expansion. Special attention is given to digital and autonomous learning, encouraging all students – regardless of their proficiency – to take ownership of their learning process.&lt;br />Finally, this study addresses the gap in the existing literature by offering an updated definition of what it means to be a good language learner in today’s digital age.&lt;br />Este trabajo explora qué significa ser un buen aprendiz de lenguas en la era digital, retomando el trabajo fundacional de Joan Rubin (1975). Los siete rasgos de Rubin que caracterizan a los alumnos de éxito sentaron las bases para la investigación posterior sobre la enseñanza de estrategias y la autonomía del alumno. Sin embargo, con la creciente influencia de las herramientas digitales y los entornos de aprendizaje informales, el perfil del buen aprendiz de lenguas ha evolucionado considerablemente. &lt;br />Adoptando una perspectiva cualitativa, este trabajo investiga los rasgos que definen a los estudiantes de inglés de éxito en la actualidad. Se realizaron diez entrevistas semiestructuras a estudiantes con nivel avanzado del inglés y se analizaron con el programa ATLAS.ti. Los resultados, basados en investigaciones académicas previas, revelan seis principales características comunes: flexibilidad y adaptabilidad, autonomía y autorregulación, participación en entornos digitales informales, competencia digital, motivación intrínseca, y disposición para comunicarse en contextos auténticos. &lt;br />Estos hallazgos sugieren que los buenos aprendices de lenguas no solo son estratégicos, autónomos, y emocionalmente comprometidos, sino también digitalmente competentes. Como consecuencia, este trabajo propone prácticas pedagógicas basadas en el modelo CALLA (Enfoque Cognitivo-Académico para el Aprendizaje de Lenguas), adaptadas a estudiantes de nivel B1. Las prácticas destacan la instrucción explícita de estrategias, su aplicación práctica junto al contenido curricular y oportunidades para la reflexión y la transferencia. Se otorga especial importancia al aprendizaje digital y autónomo, fomentado que todos los estudiantes – independientemente de su nivel – asuman el control de su propio proceso de aprendizaje. &lt;br />Finalmente, este trabajo responde a una laguna en la literatura existente al ofrecer una definición actualizada de lo que significa ser un buen aprendiz de lengas en la era digital.  &lt;br />&lt;br /></subfield>
  </datafield>
  <datafield tag="521" ind1=" " ind2=" ">
    <subfield code="a">Graduado en Estudios Ingleses</subfield>
  </datafield>
  <datafield tag="540" ind1=" " ind2=" ">
    <subfield code="a">Derechos regulados por licencia Creative Commons</subfield>
  </datafield>
  <datafield tag="856" ind1="0" ind2=" ">
    <subfield code="f">839962@celes.unizar.es</subfield>
  </datafield>
  <datafield tag="856" ind1="4" ind2=" ">
    <subfield code="s">126857</subfield>
    <subfield code="u">http://zaguan.unizar.es/record/167269/files/TAZ-TFG-2025-1399_ANE.pdf</subfield>
    <subfield code="y">Anexos (eng)</subfield>
  </datafield>
  <datafield tag="856" ind1="4" ind2=" ">
    <subfield code="s">488928</subfield>
    <subfield code="u">http://zaguan.unizar.es/record/167269/files/TAZ-TFG-2025-1399.pdf</subfield>
    <subfield code="y">Memoria (eng)</subfield>
  </datafield>
  <datafield tag="909" ind1="C" ind2="O">
    <subfield code="o">oai:zaguan.unizar.es:167269</subfield>
    <subfield code="p">driver</subfield>
    <subfield code="p">trabajos-fin-grado</subfield>
  </datafield>
  <datafield tag="950" ind1=" " ind2=" ">
    <subfield code="a"></subfield>
  </datafield>
  <datafield tag="691" ind1=" " ind2=" ">
    <subfield code="a">4</subfield>
  </datafield>
  <datafield tag="692" ind1=" " ind2=" ">
    <subfield code="a">Este trabajo contribuye al Objetivo de Desarrollo Sostenible 4: Educación de calidad, ya que promueve una enseñanza centrada en el alumno, fomentando la autonomía, el pensamiento crítico y el uso responsable de las tecnologías. </subfield>
  </datafield>
  <datafield tag="700" ind1=" " ind2=" ">
    <subfield code="a">Luzón Marco, María José</subfield>
    <subfield code="e">dir.</subfield>
  </datafield>
  <datafield tag="710" ind1="2" ind2=" ">
    <subfield code="a">Universidad de Zaragoza</subfield>
    <subfield code="b">Filología Inglesa y Alemana</subfield>
    <subfield code="c">Filología Inglesa</subfield>
  </datafield>
  <datafield tag="980" ind1=" " ind2=" ">
    <subfield code="a">TAZ</subfield>
    <subfield code="b">TFG</subfield>
    <subfield code="c">FFYL</subfield>
  </datafield>
  <datafield tag="999" ind1=" " ind2=" ">
    <subfield code="a">20250528184902.CREATION_DATE</subfield>
  </datafield>
  <datafield tag="951" ind1=" " ind2=" ">
    <subfield code="a">deposita:2026-01-21</subfield>
  </datafield>
</record>
</collection>